| 000 | 00734aam a2200265 i 4500 | ||
|---|---|---|---|
| 001 | 768714001 | ||
| 003 | CO-MdFUSB | ||
| 005 | 20250515123407.0 | ||
| 007 | ta | ||
| 008 | 250515b |||||||| |||| 00| 0 eng d | ||
| 040 | _cCO-MdFUSB | ||
| 041 | 0 | _aspa | |
| 082 | 0 | 4 |
_223 _a248.11 _bB484h |
| 100 | 1 |
_aBerberián, Samuel _eautor |
|
| 245 | 1 | 0 |
_aHablando de frente con el liderazgo del tercer milenio _c/ Samuel Berberián |
| 264 | 0 |
_bEdiciones Sa-ber _aGuatemala : _c[2003] |
|
| 300 | _a48 páginas | ||
| 336 |
_atexto _btxt _2rdacontent |
||
| 337 |
_2rdamedia _asin mediación _bn |
||
| 338 |
_2rdacarrier _avolumen _bnc |
||
| 563 | _aRústico | ||
| 650 | 7 |
_aLiderazgo cristiano _2embne _97271 |
|
| 942 | _cBK | ||
| 945 | _aJTF-925 | ||
| 999 |
_c43678 _d43678 |
||